| 000 | 00748cab a2200241 4500 | ||
|---|---|---|---|
| 001 | ABS57372 | ||
| 008 | 090401t1997 xxu||||| |||| 00| 0 eng d | ||
| 035 | _a(Sirsi) u79783 | ||
| 041 | _aeng | ||
| 100 | _aLowe, K. | ||
| 245 | _aMoney go round | ||
| 260 | _c1997 | ||
| 350 | _a0 | ||
| 490 |
_aProperty Week _v60(3) 18 July 1997, 30-31(2) |
||
| 520 | _aLooks at how the upturn in the property market is encouraging employers to consider a more structured approach to linking pay with performance. | ||
| 650 | _aEMPLOYMENT TRENDS | ||
| 650 | _aINCENTIVE SCHEMES | ||
| 650 | _aPERFORMANCE-RELATED PAY | ||
| 650 | _aSALARY SURVEYS | ||
| 690 | _aMANAGEMENT-BUSINESS MANAGEMENT-PROFESSIONAL PRACTICE | ||
| 942 | _n0 | ||
| 948 | _c22/07/1997 | ||
| 999 |
_c50191 _d50191 |
||